বাংলা নাট্যসাহিত্যের ইতিহাস / (Record no. 40144)
[ view plain ]
| 000 -LEADER | |
|---|---|
| fixed length control field | 01013nam a2200241 a 4500 |
| 001 - CONTROL NUMBER | |
| control field | 40144 |
| 003 - CONTROL NUMBER IDENTIFIER | |
| rucl marc code | BD-RjUL |
| 005 - DATE AND TIME OF LATEST TRANSACTION | |
| control field | 20211209053139.0 |
| 008 - FIXED-LENGTH DATA ELEMENTS--GENERAL INFORMATION | |
| fixed length control field | 160423m19551961bg ||||| |||| 00| 0 ben d |
| 020 ## - INTERNATIONAL STANDARD BOOK NUMBER | |
| Terms of availability | :Tk.12.50 |
| 035 ## - SYSTEM CONTROL NUMBER | |
| System control number | (BD-RjUL)40259 |
| 040 ## - CATALOGING SOURCE | |
| Original cataloging agency | BD-RjUL |
| Language of cataloging | ben |
| Transcribing agency | BD-RjUL |
| 041 ## - LANGUAGE CODE | |
| Language code of text/sound track or separate title | ben |
| 082 ## - DEWEY DECIMAL CLASSIFICATION NUMBER | |
| Edition number | 23 |
| Classification number | 891.44209 |
| Author mark and year | BHB 1961 |
| 100 ## - MAIN ENTRY--PERSONAL NAME | |
| Personal name | ভট্টাচার্য, শ্রীআশ্ততোষ |
| 9 (RLIN) | 123605 |
| 245 ## - TITLE STATEMENT | |
| Title | বাংলা নাট্যসাহিত্যের ইতিহাস / |
| Statement of responsibility, etc. | শ্রীআশ্ততোষ ভট্টাচার্য |
| 260 ## - PUBLICATION, DISTRIBUTION, ETC. (IMPRINT) | |
| Place of publication, distribution, etc. | কলিকাতা : |
| Name of publisher, distributor, etc. | এ. মুখার্জী অ্যান্ড কোং প্রাইভেট লিঃ, |
| Date of publication, distribution, etc. | ১৯৬১ |
| 300 ## - PHYSICAL DESCRIPTION | |
| Pagination | খন্ড ; |
| Size | ২১ সেমি. |
| 505 ## - FORMATTED CONTENTS NOTE | |
| Formatted contents note | খন্ড ২-- |
| 650 ## - SUBJECT ADDED ENTRY--TOPICAL TERM | |
| Topical term or geographic name as entry element | বাংলা নাটক |
| Form subdivision | ইতিহাস ও সমালোচনা |
| 9 (RLIN) | 123606 |
| Topical term or geographic name as entry element | Bengali Drama |
| Form subdivision | History and Criticism |
| 9 (RLIN) | 117436 |
| 942 ## - ADDED ENTRY ELEMENTS (KOHA) | |
| Source of classification or shelving scheme | Dewey Decimal Classification |
| Koha item type | Books |
| Lost status | Source of classification or shelving scheme | Damaged status | Not for loan | Collection code | Permanent Location | Current Location | Shelving location | Date acquired | Source of acquisition | Cost, normal purchase price | Total Checkouts | Full call number | Date last seen | Copy number | Koha item type | Date checked out |
|---|---|---|---|---|---|---|---|---|---|---|---|---|---|---|---|---|
| Dewey Decimal Classification | Non-fiction | Central Library, University of Rajshahi | Central Library, University of Rajshahi | 02/10/1963 | Komela buk dipu, Kolkata | 12.50 | B 891.44209 BHB V-2 1961 | 23/04/2016 | C-2 | Books | ||||||
| Dewey Decimal Classification | Non-fiction | Central Library, University of Rajshahi | Central Library, University of Rajshahi | 23/05/2011 | Paragon Enterprise Lit., Dhaka | 165.00 | B 891.44209 BHB V-1 2010 | 13/08/2016 | C-2 | Books | ||||||
| Dewey Decimal Classification | Non-fiction | Central Library, University of Rajshahi | Central Library, University of Rajshahi | 23/05/2011 | Paragon Enterprise Lit., Dhaka | 165.00 | 6 | B 891.44209 BHB V-1 2010 | 01/10/2024 | C-3 | Books | 03/06/2024 | ||||
| Dewey Decimal Classification | Non-fiction | Central Library, University of Rajshahi | Central Library, University of Rajshahi | 23/05/2011 | Paragon Enterprise Lit., Dhaka | 165.00 | B 891.44209 BHB V-1 2010 | 13/08/2016 | C-4 | Books | ||||||
| Dewey Decimal Classification | Non-fiction | Central Library, University of Rajshahi | Central Library, University of Rajshahi | 23/05/2011 | Paragon Enterprise Lit., Dhaka | 165.00 | B 891.44209 BHB V-1 2010 | 13/08/2016 | C-5 | Books | ||||||
| Dewey Decimal Classification | Non-fiction | Central Library, University of Rajshahi | Central Library, University of Rajshahi | 23/05/2011 | Paragon Enterprise Lit., Dhaka | 165.00 | B 891.44209 BHB V-2 2010 | 13/08/2016 | C-3 | Books | ||||||
| Dewey Decimal Classification | Non-fiction | Central Library, University of Rajshahi | Central Library, University of Rajshahi | 23/05/2011 | Paragon Enterprise Lit., Dhaka | 165.00 | 1 | B 891.44209 BHB V-2 2010 | 23/04/2019 | C-4 | Books | 10/04/2019 | ||||
| Dewey Decimal Classification | Non-fiction | Central Library, University of Rajshahi | Central Library, University of Rajshahi | 23/05/2011 | Paragon Enterprise Lit., Dhaka | 165.00 | B 891.44209 BHB V-2 2010 | 13/08/2016 | C-5 | Books | ||||||
| Dewey Decimal Classification | Non-fiction | Central Library, University of Rajshahi | Central Library, University of Rajshahi | 23/05/2011 | Paragon Enterprise Lit., Dhaka | 165.00 | B 891.44209 BHB V-2 2010 | 13/08/2016 | C-6 | Books |